Обработка на почвата (Запис номер 22998)
[ съкратено ]
| 000 -Лидер | |
|---|---|
| Контролно поле с фиксирана дължина | nam a22 a 4500 |
| 003 - Код на организацията, давaща контролен номер | |
| Контролно поле | BLK |
| 005 - Дата и час на последна редакция | |
| Контролно поле | 20220523122718.0 |
| 008 - Елементи от данни с фиксирана дължина | |
| fixed length control field | 180413b bul|||||r ||||||| ||bul|| |
| 010 ## - Наследен системен номер | |
| LC control number | KNG00025468000 |
| 040 ## - Източник на каталожния запис | |
| Идентификатор на билиотеката - собственик на записа | BLK |
| 041 ## - Код за език | |
| Код за езика на текст/звукозапис или на отделно заглавие | Български |
| Код за езика КДБФ | Български |
| 080 ## - УДК | |
| Текстов определител УДК | Подготовка и оране на почвата - Брануване, култивиране, подмятане на стърнищата и др. |
| УДК код - определител по УДК | 631.51 |
| УДК определител | (035) |
| УДК - код + определител | 631.51(035) |
| 139 ## - Редно поле | |
| Редна дума | Обработка на почвата |
| Авторски знак | Обр - О 17 |
| 245 10 - Сведения за заглавието | |
| Заглавие | Обработка на почвата |
| Подзаглавни данни | Ръководство |
| Редно поле (дума) | Ф. Тодоров и др. ; под ред. на Ф. Тодоров |
| 257 ## - Страна на издаване | |
| Страна на създаване/издаване | България |
| 260 ## - Област на издателските данни | |
| Място на издаване, разпространение и проч. | София |
| Име на издателя, разпространителя и проч. | Земиздат |
| Година на издаване | 1982 |
| 300 ## - Физическа характеристика | |
| Страници | 196 с. |
| Илюстрации и др. | с ил. |
| Размери/Мащаб | 20 см |
| 380 ## - Жанр | |
| Жанр | Селско стопанство |
| 500 ## - Общи забележки | |
| Забележка | Други авт.: Б. Симеонов, А. Христов, К. Стойнев, К. Раков. - Пълното име на авт. Ангел Христов е Ангел Христов Ангелов. |
| 504 ## - Забележка за наличие на библиография и др | |
| Забележка за наличие на библиография и под. | Библиогр. с. 188-194 |
| 650 #0 - Допълнително описание по предмет – тема | |
| 9 (RLIN) | 302102 |
| Основно описание – тема или топоним | Почви - обработка |
| 653 #0 - Ключова дума – ненормативна | |
| 9 (RLIN) | 467484 |
| Ключова дума | обработка на почвата |
| 852 ## - Местоположение | |
| Форматна сигнатура | Цб 112441 |
| Фондова буква | Хранилище |
| 999 ## - СИСТЕМНИ КОНТРОЛНИ НОМЕРА | |
| Koha biblionumber | 22998 |
| Koha biblioitemnumber | 22998 |
| 942 ## - АРТИКУЛИ | |
| Вид на библиотечния материал | Книги |
| Скрит в OPAC | Не |
| Периодичен библиозапис | Да |
| Koha issues (borrowed), all copies | 1 |
| 944 ## - СЪЗДАВАНЕ И РЕДАКЦИЯ на ЗАПИСА | |
| Създаване/Редакция | Създаване |
| Дата на регистрацията/редакция | 07.03.2018 |
| Служител, извършил регистрацията/редакцията | Нора_Радева |
| 944 ## - СЪЗДАВАНЕ И РЕДАКЦИЯ на ЗАПИСА | |
| Създаване/Редакция | Редакция |
| Дата на регистрацията/редакция | 2022-03-23 |
| Служител, извършил регистрацията/редакцията | ГГГ |
| Код за отписване | Код за изгубен артикул | Източник на класификационната схема | Код за повреда | Коз за рестрикции | Код за отдаване | Артикулен № | Име на библиотеката - собственик | Име на библиотеката, в която се намира в момента | Статус (Текущо местоположение) | Дата на вписване в системата | Местоположение - отдел | Цена в лева | Инвентарен номер | Систематично азбучна сигнатура | Баркод | Номер на екземпляра | Цена в евро | Служебна бележка | Служебен тип на артикула |
|---|---|---|---|---|---|---|---|---|---|---|---|---|---|---|---|---|---|---|---|
| Не е изгубен | Universal Decimal Classification | Не е повреден | само за читалня | ползва се в читалня | 37952 | Регионална библиотека "Любен Каравелов" Русе | Регионална библиотека "Любен Каравелов" Русе | Хранилище | 1982-01-01 | Хранилище | 0.95 | 342695 | Цб 112441 | 120000342695 | 1 | 0.49 | Вид: Сф Дата: 01.01.1982 | Книги | |
| Изтеглен | Не е изгубен | Universal Decimal Classification | Не е повреден | без рестрикции | заемане за дома | 37953 | Регионална библиотека "Любен Каравелов" Русе | Регионална библиотека "Любен Каравелов" Русе | Заемна - подръчен фонд | 1982-01-01 | Заемна - подръчен фонд | 0.95 | 342979 | П 631.5/О 17 | 342979 | 2 | 0.49 | Вид: Сф Дата: 01.01.1982 Дата инв: 07.03.2018 Бележки инв: П2018 | Книги |
| Изтеглен | Не е изгубен | Universal Decimal Classification | Не е повреден | без рестрикции | заемане за дома | 37954 | Регионална библиотека "Любен Каравелов" Русе | Регионална библиотека "Любен Каравелов" Русе | Заемна - подръчен фонд | 1982-01-01 | Заемна - подръчен фонд | 0.95 | 342980 | П 631.5/О 17 | 120000342980 | 3 | 0.49 | Вид: Сф Дата: 01.01.1982 | Книги |